Business Math / (Record no. 5001)

000 -LEADER
fixed length control field 00448nam a22001697a 4500
008 - FIXED-LENGTH DATA ELEMENTS--GENERAL INFORMATION
fixed length control field 150907b xxu||||| |||| 00| 0 eng d
020 ## - INTERNATIONAL STANDARD BOOK NUMBER
International Standard Book Number 0133658597
050 ## - LIBRARY OF CONGRESS CALL NUMBER
Classification number HF 5691 .C53 1995
100 ## - MAIN ENTRY--PERSONAL NAME
Personal name Cleaves Cheryl
245 ## - TITLE STATEMENT
Title Business Math /
Statement of responsibility, etc. Cleaves Cheryl & Hobbs Margie
250 ## - EDITION STATEMENT
Edition statement 4th ed
260 ## - PUBLICATION, DISTRIBUTION, ETC. (IMPRINT)
Place of publication, distribution, etc. Upper Saddle River :
Name of publisher, distributor, etc. Prentice Hall, Inc.
Date of publication, distribution, etc. 1995
300 ## - PHYSICAL DESCRIPTION
Extent 647p. :ill
Other physical details include index
650 ## - SUBJECT ADDED ENTRY--TOPICAL TERM
Topical term or geographic name as entry element Business Mathematics
700 ## - ADDED ENTRY--PERSONAL NAME
Personal name Hobbs Margie
942 ## - ADDED ENTRY ELEMENTS (KOHA)
Source of classification or shelving scheme
Koha item type Hard Covered Materials
Holdings
Withdrawn status Lost status Source of classification or shelving scheme Damaged status Not for loan Home library Current library Shelving location Date acquired Source of acquisition Total Checkouts Full call number Barcode Date last seen Price effective from Koha item type
          MACHAKOS UNIVERSITY LIBRARY MACHAKOS UNIVERSITY LIBRARY Open shelf 07/09/2015 Donation (BFA)   HF 5691 .C53 1995 7563 07/09/2015 07/09/2015 Hard Covered Materials
© Machakos University Library, Along The Highway, Machakos Wote Rd, Machakos, Kenya P.O. Box 136 - 90100 Machakos - Kenya

Tel: ( +254 ) 723 805829 OR Fax : 044-20353 OR Email: library@mksu.ac.ke